| 000 | 01000nam0a22002531 4500 | ||
|---|---|---|---|
| 001 | rc\442030 | ||
| 005 | 20260406135532.0 | ||
| 035 | _a(NLR Aleph) 005687819 | ||
| 090 |
_a7143347 _c7143347 |
||
| 100 | _a20030616d1987 |||y0rusy50 ca | ||
| 101 | 0 | _arus | |
| 102 | _aRU | ||
| 105 | _ay ||||||||| | ||
| 200 | 1 |
_aСелекция и кормление крупного рогатого скота _e(Сб. науч. тр.) _fТадж. НИИ животноводства _g[Редкол.: С.И. Фарсыханов (отв. ред.) и др.] |
|
| 210 |
_aДушанбе _cТаджНИИЖ _d1987 |
||
| 215 |
_a83, [1] с. _d20 |
||
| 320 | _aБиблиогр. в конце ст. | ||
| 702 | 1 |
_aФарсыханов _bС.И. _gСадыр Ишанханович _4340 |
|
| 712 | 0 | 2 |
_aТаджикский НИИ животноводства _cДушанбе _3RU\NLR\AUTH\889918506 _9333120 |
| 801 | 0 |
_aRU _bNLR _gpsbo |
|
| 801 | 1 |
_aRU _bELAR _2rusmarc |
|
| 852 |
_aNLR _j88-4/23880 |
||
| 942 | _cBOOK | ||
| 980 | _aNB | ||